000
00274nam a22000977a 4500
005
20250901165242.0
008
210226b ||||| |||| 00| 0 eng d
050
_a
QC171 .G36
245
_a
The atom and its nucleus
_c
GAMOW, GEORGE
942
_2
lcc
_h
QC171 .G36 1961
999
_c
1024
_d
1024